MDQL
is popping MORE tags! Check the
thread
!
Quizzes
Events
Quiz Creation
Community
Videos
Private Events
Remove Ads
Sign In
Join for FREE
Feedback
Dark Mode
Quiz Categories
Sports
Geography
Music
Movies
Television
Just For Fun
Miscellaneous
History
Literature
Language
Science
Gaming
Entertainment
Religion
Holiday
For Kids
Quiz Lab
Recent
Popular Today
Quiz Kudos Today
Editor Picks
Curator Picks
Quizzes by...
Day
Popularity
Type
Ratings
Length
Year
Community
Subscriptions
Recent Discussions
Orange Saloon
Badges
Playlists
Quests
Create
Leaderboards
Showdown
Live 5
Trivia Bingo
Activity
Puzzle Library
Sporcle Events
Private Events
Virtual Trivia
Globe League
Become a Host
Pub Owners
SporcleCon
Opinionation
Our Games
Videos
Blog
Mobile Apps
Partnerships
Remove Ads and Go Orange
Feedback
Entertainment
Celebrity
Famous
Musical
Broadway
Show
Quote
Comic Books
Anime
Superhero
DC Comics
Marvel
Cartoons
Animation
Entertainment
Celebrity
Famous
Musical
Broadway
Show
Quote
Comic Books
Anime
Superhero
DC Comics
Marvel
Cartoons
Animation
Random Quiz
Search Sporcle
×
Quiz Lab
Quiz Lab
Entertainment
Cast
Type in answers that appear in a list
Type in answers that appear in a list
Classic
Best Score? Go Orange.
Original Cast and Crew of Wicked Stats
Can you name the Original Cast and Crew of Wicked?
By
dalafear
10m
15 Questions
241 Plays
241 Plays
241 Plays
Comments
Comments
Give Quiz Kudos
Give Quiz Kudos
-
- Ratings
hide this ad
Replay
Link that replays current quiz
Next Quiz
Link to next quiz in quiz playlist
You Got
0%
They Got
Avg Score
47%
Avg Friend Score
Upgrade to see
Score Distribution
Jump to the score distribution portion of the page
Score
0/15
Timer
10:00
0
Plays Today
Position
Name
% Correct
Elphaba
Idina Menzel
97.9%
Glinda
Kristin Chenoweth
81.3%
Fiyero
Norbert Leo Butz
66.4%
Music and Lyrics
Stephen Schwartz
64.7%
The Wizard
Joel Grey
63.9%
Nessarose
Michelle Federer
50.2%
Mme. Morrible
Carole Shelley
46.5%
Book
Winnie Holzman
45.6%
Position
Name
% Correct
Boq
Christopher Fitzgerald
42.7%
Direction
Joe Mantello
35.3%
Doctor Dillamond
William Youmans
29.9%
Costumes
Susan Hilferty
28.2%
Scenic Design
Eugene Lee
22.4%
Choreographer
Wayne Cilento
21.2%
Musical Director
Stephen Oremus
20.7%
Quiz Playlist
Details
Report
Send in Message
Add To Playlist
Classic:
Type in answers that appear in a list
Last Updated: Feb 16, 2017
Quiz Scoreboard
CHALLENGE
Sign Up to Join the Scoreboard
Show All
Scores
Hide
Comments
May contain spoilers
Recently Published
1-10 Letter E Words III
by El_Dandy
Language
2m
Street Fighter Characters
by Artimus82
Gaming
60s
College Basketball Coaching Resumes
by pancakes188
Sports
9m
More to Explore
Quiz From the Vault
Featured Blog Post
Where Did the Easter Bunny Come From?
hide this ad
You Might Also Like...
Tags
Cast Quiz
Football Quiz
Crew
original
Original Cast
Wicked
Today's Top Quizzes in Entertainment
Browse Entertainment
hide this ad
Today's Top Quizzes in Cast
Browse Cast
Top Contributed Quizzes in Entertainment
1
7-to-1: DC Comics Villains
2
Marvel Characters Bunker
3
Dragon Ball Z: Goku's Fights in Order
4
Eurovision 2023 Logic Puzzle
5
Sorting Pictures: Villains
6
Criteria Quickie: Cartoon Taxonomy II
7
7-to-1: One Piece
8
Mini Trivia Sudoku: Musicals
9
One Piece Characters Order of Appearance
10
Click the Cartoon Scott
Explore More
Trending Topics
Kpop
Anime
Crossword
Disney
Harry Potter
Marvel
NBA
Country
The Office
WWE
NFL
Puzzle
Song
Soccer
Pokémon
hide this ad
More By:
dalafear
Quiz
Plays
Rating
Category
Featured
Created
Broadway Season 2004-2005
274
4.33
Entertainment
Nov 14, 2009
Original Cast and Crew of Wicked
241
Entertainment
Dec 21, 2009
Name the presidential terms
193
4.00
History
Nov 15, 2009
Works of Kristin Chenoweth
172
3.00
Just For Fun
Nov 14, 2009
Name the Vice Presidents
142
2.33
History
Nov 15, 2009
Go to Creator's Profile
Score Distribution
Quiz Creator Spotlight
dalafear
Follow
Send a Message
Quizzes Created
-
Created Quiz Play Count
-
More By This Creator
Popular Quizzes Today
1
Find the US States - No Outlines Minefield
2
Find the Countries of Europe - No Outlines Minefield
3
Find the US States
4
The Countries of the World
5
Risky Map Clicking: Biggest States A-Z
6
US States
7
Popular People in 1961
8
Movies - When Are They Set?
More Entertainment Quizzes
House of X/Powers of X Villains Map
Quiz Lab
Trending Quizzes
Risky Map Clicking: Least Populous States A-Z
1-10 Letter G Words
Countries of the World: 200 Million BC
1-10 Letter F Words
Risky Map Clicking: Next State Alphabetically
Recently Updated
Largest US Cities 1790-2010
pecheneg
Rides in Walt Disney World
pecheneg
Most Oscar Losses (Acting)
pecheneg
Beyoncé Albums
pecheneg
Leaping Animals
pecheneg
Reality TV Shows (A-Z)
bhenderson79
Rickey Henderson's Hall of Fame Teammates
pecheneg
Champions League XIs: Arsenal
pecheneg
Quick Pick: Celebrities in WWE's Hall of Fame
aduchscher
A-Z Keypad Blitz II
pecheneg
Trending Topics
Disney
NBA
Anime
Kpop
Harry Potter
Marvel
Crossword
WWE
Soccer
Song
Pokémon
Country
NFL
The Office
Puzzle
Your Account Isn't Verified!
In order to create a playlist on Sporcle, you need to verify the email address you used during registration. Go to your
Sporcle Settings
to finish the process.
Report this User
Report this user for behavior that violates our
Community Guidelines
.
Details:
Send Report
Go to the Sporcle.com Mobile Site →
Comments